[Event "Victoria Labour Day op"]
[Site "Victoria"]
[Date "2001.09.01"]
[Round "1"]
[White "Becherer, Mike"]
[Black "Scoones, Daniel"]
[Result "0-1"]
[WhiteElo "1650"]
[BlackElo "2302"]
[PlyCount "80"]
[EventDate "2001.09.01"]
[EventType "swiss"]
[EventRounds "6"]
[EventCountry "CAN"]
[SourceTitle "EXT 2022"]
[Source "ChessBase"]
[SourceDate "2021.10.06"]
[SourceVersion "1"]
[SourceVersionDate "2021.10.06"]
[SourceQuality "1"]

1. d4 Nf6 2. Bf4 g6 3. e3 Bg7 4. Nd2 0-0 5. c3 d6 6. Be2 Nbd7 7. h4 e5 8. Bg5 h6 9. dxe5 dxe5 10. Bxf6 Bxf6 11. h5 g5 12. Bc4 Qe7 13. Qc2 Re8 14. 0-0-0 e4 15. Ne2 Nc5 16. Ng3 Nd3+ 17. Bxd3 exd3 18. Qxd3 a5 19. Nf3 a4 20. Nd4 a3 21. Rd2 axb2+ 22. Kb1 Qa3 23. Rxb2 Be6 24. Kc2 Qa4+ 25. Kc1 Bc4 26. Qf5 Bg7 27. Qc5 Bxa2 28. Ngf5 Bf8 29. Nxh6+ Bxh6 30. Nf5 Bf8 31. Qd4 Be6 32. Qf6 Qa1+ 33. Rb1 Qa3+ 34. Rb2 Qa1+ 35. Rb1 Qa3+ 36. Rb2 Bxf5 37. Qxg5+ Kh8 38. Qxf5 Qxc3+ 39. Qc2 Ra1+ 40. Rb1 Ba3+ 0-1